Capitals of Europe - Sudden Death - Statistics

General Stats
  • This quiz has been taken 46 times
  • The average score is 10 of 12
Answers on the Grid
Answers color-coded by a green-red scale on the quiz's grid according to % correct below.
Minsk
Moscow
Beijing
Podgorica
Tunis
Sydney
Lisbon
Santiago
Wellington
Kingston
Bern
Abuja
Havana
Sofia
Carp
Vaduz
Brussels
Kyiv
Hanoi
Amman
Tallinn
Valletta
Chișinău
Suva
 
Answer Stats
Answer % Correct
Brussels
88%
Kyiv
88%
Bern
84%
Lisbon
84%
Moscow
84%
Sofia
84%
Minsk
81%
Chișinău
78%
Tallinn
75%
Vaduz
75%
Podgorica
72%
Valletta
72%
No matching quizzes found
Score Distribution
Percent of People with Each Score
Percentile by Number Answered
Your Score History
You have not taken this quiz